[Event "I Open Magistrale"]
[Site "Taranto ITA"]
[Date "2002.09.01"]
[Round "6"]
[White "Mrdja, Milan"]
[Black "Shytaj, Carlo"]
[Result "1/2-1/2"]
[WhiteElo "2370"]
[BlackElo "2112"]
[PlyCount "123"]
[EventDate "2002.08.29"]

1. e4 d6 2. d4 Nf6 3. Nc3 g6 4. Bc4 Bg7 5. Bb3 Nc6 6. Nge2 O-O 7. f3 e5 8. Be3
exd4 9. Nxd4 a5 10. a3 Nxd4 11. Bxd4 Be6 12. Bxe6 fxe6 13. Qe2 e5 14. Be3 c6
15. Rd1 Qc7 16. O-O b5 17. b3 Rf7 18. Rd2 Nh5 19. Rfd1 Bf8 20. Qf2 Rf6 21. a4
b4 22. Ne2 Qb7 23. Nc1 Re6 24. Ne2 Nf6 25. g4 Ne8 26. Ng3 Rf6 27. Kg2 Nc7 28.
Bg5 Rf7 29. Rxd6 Bxd6 30. Rxd6 Raf8 31. Bh6 Re8 32. Qc5 Ne6 33. Qc4 Nd4 34. f4
exf4 35. Rxd4 fxg3 36. hxg3 Qc8 37. Kh3 Re5 38. Qd3 Re8 39. Qc4 Re5 40. Kh4 Qc7
41. Qd3 Re8 42. Rd6 Qe7+ 43. Kh3 Qe5 44. Rxc6 Qa1 45. Qe2 Qh1+ 46. Qh2 Qxe4 47.
Qg2 Qxg2+ 48. Kxg2 Re2+ 49. Kh3 Rff2 50. Rc8+ Kf7 51. Rc7+ Ke6 52. g5 Rxc2 53.
Rxh7 Rc3 54. Rg7 Rff3 55. Rxg6+ Kd5 56. Ra6 Rxg3+ 57. Kh4 Rxb3 58. Rxa5+ Kc4
59. Ra8 Rh3+ 60. Kg4 Rbg3+ 61. Kf5 b3 62. Bg7 1/2-1/2

[Event "I Open Magistrale"]
[Site "Taranto ITA"]
[Date "2002.09.01"]
[Round "6"]
[White "Popchev, Milko"]
[Black "Laketic, Gojko"]
[Result "1/2-1/2"]
[WhiteElo "2419"]
[BlackElo "2448"]
[PlyCount "24"]
[EventDate "2002.08.29"]

1. e4 c6 2. d4 d5 3. Nc3 dxe4 4. Nxe4 Bf5 5. Ng3 Bg6 6. h4 h6 7. h5 Bh7 8. Nf3
Nd7 9. Bd3 Bxd3 10. Qxd3 Ngf6 11. Bd2 e6 12. O-O-O Qc7 1/2-1/2

[Event "I Open Magistrale"]
[Site "Taranto ITA"]
[Date "2002.09.01"]
[Round "6"]
[White "Sansonetti, Giorgio"]
[Black "Rizzo, Giovanbattista"]
[Result "1/2-1/2"]
[WhiteElo "2133"]
[BlackElo "2088"]
[PlyCount "77"]
[EventDate "2002.08.29"]

1. d4 Nf6 2. Nf3 d5 3. Bg5 c5 4. c3 Ne4 5. Be3 Qb6 6. Qb3 Qxb3 7. axb3 cxd4 8.
Nxd4 Bd7 9. Na3 Nc6 10. Nab5 Nxd4 11. Nxd4 e5 12. Nc2 Bd6 13. f3 Nc5 14. b4 Na4
15. Rd1 Be6 16. Bc1 Ke7 17. e3 a5 18. b5 Nc5 19. Kf2 Rhc8 20. Be2 Bf5 21. Ne1
Nb3 22. g4 Bd7 23. f4 exf4 24. exf4 Nxc1 25. Rxc1 Bxf4 26. Rd1 Be6 27. Bf3 a4
28. Nc2 Rc5 29. Na3 Be5 30. Rhe1 f6 31. h3 Rd8 32. Kg2 b6 33. Rd2 Rd6 34. Bd1
d4 35. cxd4 Rxd4 36. Rxd4 Bxd4 37. Bxa4 Bxb2 38. Nc2 Be5 39. Ne3 1/2-1/2

[Event "I Open Magistrale"]
[Site "Taranto ITA"]
[Date "2002.09.01"]
[Round "7"]
[White "Collutiis, Duilio"]
[Black "Drazic, Sinisa"]
[Result "1/2-1/2"]
[WhiteElo "2308"]
[BlackElo "2486"]
[PlyCount "35"]
[EventDate "2002.08.29"]

1. e4 d6 2. d4 Nf6 3. Nc3 e5 4. f4 exd4 5. Qxd4 Nc6 6. Qd1 g6 7. Nf3 Bg7 8. Bd3
O-O 9. O-O Re8 10. Bd2 Nb4 11. Kh1 c6 12. e5 Ng4 13. h3 Nxd3 14. cxd3 Nh6 15.
Ne4 Nf5 16. g4 d5 17. Nf6+ Bxf6 18. gxf5 1/2-1/2

[Event "I Open Magistrale"]
[Site "Taranto ITA"]
[Date "2002.09.01"]
[Round "7"]
[White "Di Lascio, Savino"]
[Black "Patavia, Antonio"]
[Result "1/2-1/2"]
[WhiteElo "1918"]
[BlackElo "2099"]
[PlyCount "80"]
[EventDate "2002.08.29"]

1. Nf3 Nf6 2. g3 g6 3. Bg2 Bg7 4. O-O O-O 5. d3 d6 6. c3 c5 7. e4 Nc6 8. Na3
Rb8 9. h3 e5 10. Nc2 h6 11. Be3 Qe8 12. a4 Kh7 13. Ra3 Nh5 14. b4 b6 15. Nh4
Bd7 16. Nf5 Bxf5 17. exf5 Ne7 18. Bc1 Nf6 19. fxg6+ fxg6 20. Bb2 Nf5 21. d4 e4
22. c4 d5 23. cxd5 Nxd5 24. bxc5 bxc5 25. Qa1 Nd6 26. Ne3 Nb4 27. dxc5 Nc2 28.
Nxc2 Bxb2 29. Qd1 Bxa3 30. Nxa3 Nf5 31. Re1 Rb4 32. Nb5 Qe7 33. Qc2 a6 34. Nd6
Nxd6 35. cxd6 Qxd6 36. Bxe4 Rf7 37. Rd1 Qf6 38. Rd2 Kg7 39. Kg2 Re7 40. Bxg6
Rd4 1/2-1/2

[Event "I Open Magistrale"]
[Site "Taranto ITA"]
[Date "2002.09.01"]
[Round "7"]
[White "Fiore, Mario"]
[Black "Shytaj, Carlo"]
[Result "1-0"]
[WhiteElo "2313"]
[BlackElo "2112"]
[PlyCount "77"]
[EventDate "2002.08.29"]

1. e4 d6 2. d4 Nf6 3. Nc3 g6 4. Bg5 c6 5. Qd2 b5 6. Bd3 Nbd7 7. f4 Qb6 8. e5
dxe5 9. fxe5 Nd5 10. Nxd5 cxd5 11. Nf3 h6 12. Bh4 Nb8 13. a4 b4 14. Bb5+ Bd7
15. Qxb4 Nc6 16. Qd2 a6 17. Be2 Qxb2 18. O-O Qb4 19. Qe3 Bg7 20. a5 Qb7 21. Qa3
g5 22. Bf2 O-O 23. c4 e6 24. Rfb1 Qc7 25. cxd5 exd5 26. Rb6 Rfb8 27. Qc5 Rxb6
28. axb6 Qb7 29. Qxd5 Be6 30. Qe4 Rd8 31. Rc1 Bd5 32. Qb1 Bf8 33. Bc4 Bxf3 34.
gxf3 Nxd4 35. Qg6+ Bg7 36. Bxd4 Rxd4 37. Bxf7+ Kf8 38. Bd5 Rxd5 39. Qf5+ 1-0

[Event "I Open Magistrale"]
[Site "Taranto ITA"]
[Date "2002.09.01"]
[Round "7"]
[White "Laketic, Gojko"]
[Black "Martorelli, Antonio"]
[Result "1/2-1/2"]
[WhiteElo "2448"]
[BlackElo "2264"]
[PlyCount "82"]
[EventDate "2002.08.29"]

1. Nf3 Nf6 2. c4 g6 3. g3 Bg7 4. Bg2 O-O 5. O-O d6 6. Nc3 Nc6 7. d3 Nh5 8. d4
e5 9. d5 Ne7 10. e4 Kh8 11. Bd2 Ng8 12. b4 f5 13. exf5 gxf5 14. Nxe5 Nxg3 15.
Nf7+ Rxf7 16. fxg3 Rf8 17. Qf3 Bd7 18. Rae1 a5 19. b5 Qf6 20. Ne2 Qb2 21. Bc3
Bxc3 22. Qxc3+ Qxc3 23. Nxc3 b6 24. Ne2 Rae8 25. Nf4 Rxe1 26. Rxe1 Kg7 27. Bf3
Nf6 28. Kf2 Re8 29. Rxe8 Nxe8 30. Ke3 Nf6 31. h3 Kf7 32. Nd3 Be8 33. Nf4 Bd7
34. Ne2 Ng8 35. Kf4 Ne7 36. Kg5 Kg7 37. Bh5 h6+ 38. Kf4 Kg8 39. Nd4 Kg7 40. Nf3
Kf6 41. Nh4 Kg7 1/2-1/2

[Event "I Open Magistrale"]
[Site "Taranto ITA"]
[Date "2002.09.01"]
[Round "7"]
[White "Ljubisavljevic, Zivojin Z."]
[Black "Lamola, Giuseppe"]
[Result "1-0"]
[WhiteElo "2275"]
[BlackElo "2049"]
[PlyCount "155"]
[EventDate "2002.08.29"]

1. b3 d5 2. Bb2 Nc6 3. e3 a6 4. f4 Bf5 5. Nf3 e6 6. Be2 f6 7. O-O Bd6 8. Nh4
Nh6 9. c4 Bg6 10. cxd5 exd5 11. Nxg6 hxg6 12. Bf3 Ne7 13. Ba3 Nhf5 14. Bxd6
Qxd6 15. Nc3 O-O-O 16. Qc2 Kb8 17. Na4 g5 18. Qc5 gxf4 19. Qxd6 Rxd6 20. exf4
Nd4 21. Nc3 c6 22. Rae1 Rd7 23. Bg4 f5 24. Bd1 Ng6 25. Ne2 Ne6 26. Bc2 Ne7 27.
Ng3 Nd4 28. Bd3 g6 29. Re3 Nc8 30. Ne2 Nxe2+ 31. Rxe2 Nd6 32. Re6 Rg8 33. Be2
Ne4 34. d3 Nc5 35. Re3 Rf7 36. Rc1 d4 37. Re5 Nd7 38. Re6 Nb6 39. Bf3 Rgg7 40.
Rce1 Kc7 41. Re8 Nc8 42. Kf2 Nd6 43. R8e5 Nb5 44. h4 Rh7 45. Re6 Rxh4 46. Rxg6
Nc3 47. a4 Na2 48. Kg3 Rhh7 49. Rg5 Nb4 50. Re5 Nxd3 51. Rexf5 Rxf5 52. Rxf5
Rg7+ 53. Rg5 Rxg5+ 54. fxg5 Kd6 55. Be4 Nc5 56. Bc2 d3 57. Bd1 Ne4+ 58. Kf4 Nc3
59. Bh5 Ke7 60. Ke3 Nd5+ 61. Kd2 Nf4 62. Bg4 b5 63. a5 Kd8 64. Bf5 c5 65. g3
Nh5 66. Kxd3 Nxg3 67. Bg4 Nh1 68. Ke3 c4 69. bxc4 bxc4 70. Be6 c3 71. g6 c2 72.
Kd2 Ng3 73. g7 Ne4+ 74. Kxc2 Nf6 75. Kb3 Kc7 76. Kc4 Kd6 77. g8=Q Nxg8 78. Bxg8
1-0

[Event "I Open Magistrale"]
[Site "Taranto ITA"]
[Date "2002.09.01"]
[Round "7"]
[White "Lorusso, Lucio"]
[Black "Sansonetti, Giorgio"]
[Result "0-1"]
[WhiteElo "1902"]
[BlackElo "2133"]
[PlyCount "60"]
[EventDate "2002.08.29"]

1. e4 e6 2. d4 d5 3. Nc3 Bb4 4. e5 c5 5. a3 Bxc3+ 6. bxc3 Ne7 7. Qg4 O-O 8. f4
f5 9. exf6 Rxf6 10. Qe2 b6 11. Nf3 a5 12. g3 Ba6 13. Qf2 Bxf1 14. Kxf1 cxd4 15.
cxd4 b5 16. Qe2 Qb6 17. Kg2 Nd7 18. Re1 Rc8 19. Rb1 Rc4 20. Ng5 Nf8 21. Ne4 Rf7
22. Ng5 Rf6 23. Ne4 Rg6 24. Nd2 Rxc2 25. Rxb5 Qxd4 26. Rxa5 Qc3 27. Ra7 Nf5 28.
Qd1 Nxg3 29. Ra8 Ne4+ 30. Kh1 Nf2# 0-1

[Event "I Open Magistrale"]
[Site "Taranto ITA"]
[Date "2002.09.01"]
[Round "7"]
[White "Miezis, Normunds"]
[Black "Cioara, Andrei Nestor"]
[Result "1-0"]
[WhiteElo "2510"]
[BlackElo "2414"]
[PlyCount "60"]
[EventDate "2002.08.29"]

1. c4 e5 2. Nc3 Nf6 3. g3 d5 4. cxd5 Nxd5 5. Bg2 Nb6 6. Nf3 Nc6 7. Rb1 f6 8. d3
Be6 9. O-O Be7 10. a3 O-O 11. b4 Qd7 12. Ne4 Nd5 13. Qc2 a6 14. Bb2 a5 15. b5
Na7 16. d4 Nxb5 17. dxe5 Bxa3 18. exf6 gxf6 19. Rfd1 Bxb2 20. Qxb2 c6 21. Nxf6+
Rxf6 22. e4 Qg7 23. exd5 Bg4 24. dxc6 bxc6 25. Ne5 Bxd1 26. Rxd1 Rc8 27. Rd7
Qf8 28. Be4 Rh6 29. Qb3+ Kh8 30. Nf7+ Kg8 1-0

[Event "I Open Magistrale"]
[Site "Taranto ITA"]
[Date "2002.09.01"]
[Round "7"]
[White "Ramondino, Renzo"]
[Black "Mrdja, Milan"]
[Result "1-0"]
[WhiteElo "2164"]
[BlackElo "2370"]
[PlyCount "57"]
[EventDate "2002.08.29"]

1. e4 c5 2. Nf3 d6 3. d4 cxd4 4. Nxd4 Nf6 5. Nc3 a6 6. Bc4 e6 7. Bb3 Nbd7 8. f4
Nc5 9. Qf3 b5 10. f5 b4 11. fxe6 Nxb3 12. exf7+ Kxf7 13. axb3 Bg4 14. Qg3 bxc3
15. O-O Qc8 16. Ra5 h6 17. bxc3 Be7 18. Ba3 Kg8 19. h3 Qc7 20. Raf5 Bxf5 21.
Nxf5 Bf8 22. e5 dxe5 23. Be7 Qb6+ 24. Kh1 Ra7 25. Nxg7 Bxg7 26. Rxf6 Qb5 27.
Rf8+ Kh7 28. Qd3+ e4 29. Qxe4+ 1-0

[Event "I Open Magistrale"]
[Site "Taranto ITA"]
[Date "2002.09.01"]
[Round "7"]
[White "Rizzo, Giovanbattista"]
[Black "Ficco, Corrado"]
[Result "1/2-1/2"]
[WhiteElo "2088"]
[BlackElo "2124"]
[PlyCount "131"]
[EventDate "2002.08.29"]

1. d4 Nf6 2. c4 c5 3. d5 b5 4. a4 bxc4 5. Nc3 d6 6. e4 g6 7. Bxc4 Bg7 8. Bb5+
Nbd7 9. Nf3 O-O 10. O-O a6 11. Be2 a5 12. h3 Ne8 13. Bg5 Nc7 14. Qc1 Ba6 15.
Re1 Bxe2 16. Rxe2 Bxc3 17. Qxc3 f6 18. Bh6 Rf7 19. Nd2 Qb8 20. Nc4 Qb4 21. Bd2
Ne5 22. Qxb4 axb4 23. Nxe5 fxe5 24. b3 e6 25. dxe6 Nxe6 26. Be3 Rc7 27. Rd2 Nd4
28. Rb1 Kf7 29. Kf1 Ke6 30. Rdb2 Ra6 31. Rc1 Rac6 32. Ke1 d5 33. Bxd4 cxd4 34.
Rxc6+ Rxc6 35. exd5+ Kxd5 36. f3 Rc3 37. Kd2 g5 38. a5 Kc6 39. a6 Kb6 40. Ra2
Ka7 41. Ra5 Rxb3 42. Rxe5 Rb2+ 43. Kd3 Rxg2 44. Rb5 Rg3 45. Ke4 Rxh3 46. Rxb4
Kxa6 47. Kf5 Rxf3+ 48. Kxg5 Rd3 49. Kf4 Ka5 50. Rb7 h5 51. Ke4 Rd1 52. Kd5 d3
53. Kc4 h4 54. Kc3 h3 55. Rh7 Rh1 56. Kxd3 h2 57. Kc2 Kb6 58. Kb2 Kc6 59. Rh8
Kd6 60. Rd8+ Ke7 61. Rh8 Kf7 62. Rh3 Kg6 63. Rh8 Kf5 64. Rf8+ Kg6 65. Rh8 Kg7
66. Rh3 1/2-1/2

[Event "I Open Magistrale"]
[Site "Taranto ITA"]
[Date "2002.09.01"]
[Round "7"]
[White "Shytaj, Luca"]
[Black "Campanile, Roberto"]
[Result "1-0"]
[WhiteElo "2216"]
[BlackElo "2182"]
[PlyCount "73"]
[EventDate "2002.08.29"]

1. e4 c5 2. Nf3 d6 3. d4 cxd4 4. Nxd4 Nf6 5. Nc3 a6 6. Bg5 e6 7. Qd2 Be7 8. f3
Qc7 9. O-O-O Nbd7 10. g4 Ne5 11. f4 Nexg4 12. h3 Nh6 13. Bg2 Nhg8 14. Rhe1 h6
15. Bh4 Nxe4 16. Rxe4 Bxh4 17. Nd5 Qd8 18. Nf5 Nf6 19. Nxd6+ Kf8 20. Nxf6 Bxf6
21. Rc4 Kg8 22. Be4 g5 23. h4 Kg7 24. fxg5 hxg5 25. hxg5 Bxg5 26. Rg1 f6 27.
Rc5 Kf8 28. Rcxg5 fxg5 29. Qf2+ Ke7 30. Qf7+ Kxd6 31. Rd1+ Ke5 32. Rxd8 Rxd8
33. Qc7+ Rd6 34. Bg2 Bd7 35. Bxb7 Bc6 36. Bxa8 Bxa8 37. c4 1-0

[Event "I Open Magistrale"]
[Site "Taranto ITA"]
[Date "2002.09.01"]
[Round "7"]
[White "Tommaselli, Giacomo"]
[Black "Ariete, Gerardo"]
[Result "1-0"]
[WhiteElo "2045"]
[BlackElo "2106"]
[PlyCount "93"]
[EventDate "2002.08.29"]

1. d4 Nf6 2. Nf3 e6 3. Bg5 d5 4. e3 c6 5. Bxf6 Qxf6 6. c4 Nd7 7. Nc3 Bb4 8.
cxd5 exd5 9. Bd3 O-O 10. Qc2 h6 11. O-O Re8 12. a3 Bd6 13. b4 Nf8 14. Rfb1 Bg4
15. Nd2 Ne6 16. Nf1 a6 17. a4 Qg5 18. Kh1 Qh5 19. f3 Bxf3 20. gxf3 Qxf3+ 21.
Qg2 Qf6 22. Ra2 Qe7 23. Rab2 b5 24. Ng3 Bxg3 25. Qxg3 Ng5 26. Re1 Ne6 27. a5
Nxd4 28. Rg2 f6 29. Qg6 f5 30. Reg1 Ne6 31. Bxf5 Nf8 32. Qxh6 Ra7 33. Qxc6 Rd8
34. Nxd5 Qe5 35. e4 Rd6 36. Qc2 Rf7 37. Rg5 Rh6 38. Qg2 Qd4 39. Qg4 Rd6 40. Nf4
Nh7 41. Bxh7+ Kxh7 42. Ne6 Qf6 43. Nxg7 Qf3+ 44. Qxf3 Rxf3 45. Nf5 Rxf5 46.
exf5 Rh6 47. Rg7+ 1-0

[Event "I Open Magistrale"]
[Site "Taranto ITA"]
[Date "2002.09.01"]
[Round "7"]
[White "Voiska, Margarita"]
[Black "Popchev, Milko"]
[Result "1/2-1/2"]
[WhiteElo "2356"]
[BlackElo "2419"]
[PlyCount "67"]
[EventDate "2002.08.29"]

1. c4 Nf6 2. Nf3 c6 3. g3 d5 4. b3 Bf5 5. Bb2 e6 6. Bg2 Be7 7. O-O O-O 8. d3 h6
9. Nbd2 a5 10. a3 Nbd7 11. Rc1 Bh7 12. cxd5 exd5 13. Rc2 Re8 14. Qa1 Bd6 15.
Nd4 Bg6 16. N2f3 Bf8 17. h3 Qb6 18. a4 Bb4 19. Nh4 Bh7 20. Ndf5 Bxf5 21. Nxf5
Bf8 22. Nd4 Nc5 23. Rfc1 Nfd7 24. Bc3 Na6 25. Rb1 Nb4 26. Rd2 Nc5 27. Qb2 Rad8
28. Qc1 g6 29. Qd1 Bg7 30. e3 Nd7 31. Bxb4 Qxb4 32. Nc2 Qe7 33. d4 Nf6 34. b4
1/2-1/2

[Event "X C.to Italiano U20"]
[Site "Bratto - Castione della Presolana ITA"]
[Date "2002.08.20"]
[Round "1"]
[White "Bertagnolli, Alexander"]
[Black "Cappai, Davide"]
[Result "1-0"]
[WhiteElo "2294"]
[BlackElo "1774"]
[PlyCount "77"]
[EventDate "2002.08.20"]

1.Nf3 d5 2.c4 dxc4 3.Na3 Nf6 4.Nxc4 e6 5.g3 b5 6.Nce5 Bb7 7.Bg2 Qc8 8.b3 
Bd6 9.Bb2 Nbd7 10.Nxd7 Qxd7 11.O-O Rc8 12.Rc1 Qe7 13.Qc2 c5 14.Qb1 O-O 15.
d3 Bxf3 16.Bxf3 Rc7 17.Rc2 Rfc8 18.Rfc1 e5 19.Bc3 Qe6 20.Bg2 Nd5 21.Ba5 
Nb6 22.h4 Re7 23.Kh2 Rf8 24.Bh3 f5 25.Bd2 Qg6 26.Rg1 Nd5 27.Qf1 e4 28.Bg5 
Ree8 29.dxe4 fxe4 30.Qd1 Rxf2+ 31.Kh1 Ne7 32.Rd2 Nf5 33.Rxd6 Nxd6 34.Bf4 
Nf5 35.Qd5+ Kh8 36.Bxf5 Qh5 37.Qd7 Rxe2 38.Bg4 Qg6 39.Bxe2 1-0

[Event "X C.to Italiano U20"]
[Site "Bratto - Castione della Presolana ITA"]
[Date "2002.08.20"]
[Round "1"]
[White "Bevilacqua, Andrea"]
[Black "Bentivegna, Francesco"]
[Result "1/2-1/2"]
[WhiteElo "1500"]
[BlackElo "2120"]
[PlyCount "82"]
[EventDate "2002.08.20"]

1.e4 e5 2.f4 d5 3.exd5 e4 4.d3 Nf6 5.dxe4 Nxe4 6.Nf3 Bc5 7.Qe2 Qe7 8.Be3 
Bd6 9.Nbd2 O-O 10.Nxe4 Qxe4 11.Qd3 Bf5 12.Qxe4 Bxe4 13.O-O-O Re8 14.Bb5 
Re7 15.Rhe1 a6 16.Bd3 Bxf3 17.gxf3 Rxe3 18.Rxe3 Bxf4 19.Re1 Nd7 20.Kb1 
Bxe3 21.Rxe3 Kf8 22.c4 Re8 23.Rxe8+ Kxe8 24.Kc2 Ke7 25.Kc3 h5 26.Be4 b6 
27.b4 g6 28.Kd4 f5 29.Bd3 Kd6 30.a3 h4 31.h3 a5 32.Bc2 axb4 33.axb4 Ke7 
34.Ba4 Nf6 35.c5 bxc5+ 36.bxc5 Nh7 37.f4 g5 38.Bc2 Kf6 39.d6 cxd6 40.cxd6 
Nf8 41.fxg5+ Kxg5 1/2-1/2

[Event "X C.to Italiano U20"]
[Site "Bratto - Castione della Presolana ITA"]
[Date "2002.08.20"]
[Round "1"]
[White "Bove, Alessandro"]
[Black "Bracali, Andrea"]
[Result "1-0"]
[WhiteElo "1815"]
[BlackElo "1488"]
[PlyCount "47"]
[EventDate "2002.08.20"]

1.e4 e6 2.d4 d5 3.Nc3 dxe4 4.Nxe4 Nd7 5.Nf3 Ngf6 6.Bg5 Be7 7.Nxf6+ Bxf6 8.
Bf4 b6 9.Bb5 O-O 10.Bc6 Rb8 11.Qe2 Bb7 12.Bxb7 Rxb7 13.Qe4 Qc8 14.O-O c5 
15.c3 Rd8 16.Rfd1 h6 17.Rac1 a6 18.Nd2 c4 19.Nxc4 Be7 20.Qe2 Nf6 21.Ne5 
Nd5 22.Bd2 Ra7 23.Qh5 Bf6 24.c4 1-0

[Event "X C.to Italiano U20"]
[Site "Bratto - Castione della Presolana ITA"]
[Date "2002.08.20"]
[Round "1"]
[White "Buchicchio, Alessandro"]
[Black "Berni, Giorgio"]
[Result "0-1"]
[WhiteElo "1707"]
[BlackElo "2198"]
[PlyCount "62"]
[EventDate "2002.08.20"]

1.d4 Nf6 2.Nf3 c5 3.d5 g6 4.g3 b5 5.a4 bxa4 6.Rxa4 d6 7.c4 Nbd7 8.Nbd2 Bg7
9.Bg2 O-O 10.O-O Nb6 11.Ra2 a5 12.Qc2 a4 13.Re1 Ba6 14.e4 Nfd7 15.Re3 e6 
16.b3 exd5 17.exd5 axb3 18.Rxb3 Bxc4 19.Rxb6 Rxa2 20.Qxc4 Rxd2 21.Rxd6 
Rd1+ 22.Bf1 Ne5 23.Rxd8 Nxc4 24.Rxf8+ Bxf8 25.Bf4 Nb6 26.d6 Bxd6 27.Bxd6 
Rxd6 28.Be2 c4 29.Ne1 Rd2 30.Kf1 c3 31.Bd3 Nd5 0-1

[Event "X C.to Italiano U20"]
[Site "Bratto - Castione della Presolana ITA"]
[Date "2002.08.20"]
[Round "1"]
[White "Buchicchio, Roberto"]
[Black "Lain, Luigi"]
[Result "0-1"]
[WhiteElo "1645"]
[BlackElo "2160"]
[PlyCount "64"]
[EventDate "2002.08.20"]

1.e4 e5 2.f4 exf4 3.Nf3 d5 4.exd5 Qxd5 5.Nc3 Qe6+ 6.Be2 Nf6 7.O-O Be7 8.d4
O-O 9.Bxf4 Bd6 10.Ng5 Qe7 11.Bxd6 Qxd6 12.Qd3 Nbd7 13.Nce4 Nxe4 14.Qxe4 g6
15.Nxf7 Rxf7 16.Bc4 Nf6 17.Rxf6 Qxf6 18.Rf1 Bf5 19.g4 Bxe4 20.Rxf6 Rf8 21.
Rxf7 Rxf7 22.c3 Kg7 23.Bxf7 Kxf7 24.Kf2 Bb1 25.a3 Ba2 26.Ke3 Ke6 27.Kd3 b5
28.b4 g5 29.Ke3 Kd5 30.h3 Bb1 31.Kd2 Kc4 32.Kc1 Be4 0-1

[Event "X C.to Italiano U20"]
[Site "Bratto - Castione della Presolana ITA"]
[Date "2002.08.20"]
[Round "1"]
[White "Castellano, Fabio Marco"]
[Black "Lo Curto, Emanuele"]
[Result "0-1"]
[WhiteElo "1600"]
[BlackElo "2084"]
[PlyCount "76"]
[EventDate "2002.08.20"]

1.e4 c5 2.Nf3 d6 3.d4 cxd4 4.Nxd4 Nf6 5.Nc3 e6 6.Be2 Be7 7.O-O Nc6 8.f4 
O-O 9.Kh1 Qc7 10.Be3 Nxd4 11.Bxd4 e5 12.fxe5 dxe5 13.Be3 Bd7 14.h3 Bc6 15.
Nd5 Qd8 16.Nxf6+ Bxf6 17.Bd3 Bg5 18.Bc5 Be7 19.Be3 Qc7 20.Qe2 b6 21.Bg1 
Rad8 22.c3 Qb7 23.Rad1 b5 24.Bc2 Rxd1 25.Rxd1 g6 26.Bh2 f6 27.Qg4 Kg7 28.
h4 Qc8 29.Qe2 Rd8 30.Rd3 Rxd3 31.Bxd3 Qb7 32.g4 Bd6 33.Bg1 f5 34.Kh2 fxe4 
35.Bc2 Qe7 36.Bf2 Qf6 37.Bg3 Qf3 38.Qd2 e3 0-1

[Event "X C.to Italiano U20"]
[Site "Bratto - Castione della Presolana ITA"]
[Date "2002.08.20"]
[Round "1"]
[White "Damia, Angelo"]
[Black "Navarro, Tommaso"]
[Result "1-0"]
[WhiteElo "1888"]
[BlackElo "1567"]
[PlyCount "59"]
[EventDate "2002.08.20"]

1.e4 e5 2.Nf3 Nc6 3.Bc4 Bc5 4.d3 h6 5.Be3 Bb6 6.Nc3 Nf6 7.h3 d6 8.Qd2 Be6 
9.Bb3 Nd4 10.Bxd4 Bxd4 11.Nxd4 exd4 12.Ne2 Bxb3 13.axb3 c5 14.O-O O-O 15.
f4 Re8 16.Ng3 Qd7 17.c3 dxc3 18.bxc3 a6 19.Qf2 Rac8 20.Nf5 Re6 21.Qg3 Nh5 
22.Qg4 g6 23.Nxh6+ Kh7 24.f5 Re7 25.Nxf7 Kg8 26.Qxg6+ Ng7 27.Nh6+ Kh8 28.
f6 Ree8 29.fxg7+ Qxg7 30.Qxg7+ 1-0

[Event "X C.to Italiano U20"]
[Site "Bratto - Castione della Presolana ITA"]
[Date "2002.08.20"]
[Round "1"]
[White "Di Caro, Calogero"]
[Black "Longo, Aldo"]
[Result "1-0"]
[WhiteElo "1912"]
[BlackElo "1575"]
[PlyCount "43"]
[EventDate "2002.08.20"]

1.d4 d5 2.c4 e6 3.Nc3 Nf6 4.cxd5 exd5 5.Bg5 c6 6.e3 Be7 7.Bd3 O-O 8.Qc2 
Nbd7 9.Nge2 Re8 10.O-O Nf8 11.f3 N6d7 12.Bxe7 Qxe7 13.e4 dxe4 14.fxe4 Nf6 
15.e5 Ng4 16.Qd2 Be6 17.Ne4 Qh4 18.h3 Nh6 19.Rf4 Qe7 20.Nf6+ gxf6 21.exf6 
Qd8 22.Rf2 1-0

[Event "X C.to Italiano U20"]
[Site "Bratto - Castione della Presolana ITA"]
[Date "2002.08.20"]
[Round "1"]
[White "Ferro, Mario"]
[Black "Bonarrigo, Marco"]
[Result "1-0"]
[WhiteElo "2191"]
[BlackElo "1699"]
[PlyCount "67"]
[EventDate "2002.08.20"]

1.d4 d5 2.e3 Nf6 3.Bd3 e6 4.c3 c5 5.f4 Nc6 6.Nf3 Bd7 7.O-O Qc7 8.Ne5 O-O-O
9.Nxf7 Be7 10.Nd2 Rhg8 11.Nxd8 Qxd8 12.Nf3 h6 13.Ne5 g5 14.f5 Kb8 15.Nxc6+
bxc6 16.Qf3 h5 17.fxe6 Bxe6 18.dxc5 h4 19.Bf5 Bf7 20.b4 Bh5 21.g4 hxg3 22.
Qxg3+ Kb7 23.a4 g4 24.Ra2 Ne8 25.Rg2 Bh4 26.Qe5 Bf6 27.Bc8+ Qxc8 28.Qxh5 
Qd7 29.Qf5 Qg7 30.e4 Bxc3 31.exd5 g3 32.dxc6+ Kxc6 33.Qe6+ Nd6 34.Qxd6+ 
1-0

[Event "X C.to Italiano U20"]
[Site "Bratto - Castione della Presolana ITA"]
[Date "2002.08.20"]
[Round "1"]
[White "Kidane, Robel"]
[Black "Piscopo, Pierluigi"]
[Result "0-1"]
[WhiteElo "1770"]
[BlackElo "2289"]
[PlyCount "60"]
[EventDate "2002.08.20"]

1.e4 c5 2.Nf3 Nc6 3.d4 cxd4 4.Nxd4 Nf6 5.Nc3 e5 6.Ndb5 d6 7.Bg5 a6 8.Na3 
b5 9.Nd5 Be7 10.Bxf6 Bxf6 11.c3 Bg5 12.Bd3 O-O 13.h4 Bh6 14.g4 Bf4 15.Nc2 
Be6 16.Nce3 Bxe3 17.Nxe3 b4 18.Qa4 Bd7 19.cxb4 Rb8 20.Qxa6 Nxb4 21.Qa3 
Nxd3+ 22.Qxd3 Rxb2 23.Qc3 Rb5 24.f3 Qb6 25.Kf2 d5 26.exd5 Rc8 27.Qd3 e4 
28.fxe4 Rb2+ 29.Kf3 Qf6+ 30.Kg3 Qf2+ 0-1

[Event "X C.to Italiano U20"]
[Site "Bratto - Castione della Presolana ITA"]
[Date "2002.08.20"]
[Round "1"]
[White "Mazzilli, Piero"]
[Black "Frilli, Guido"]
[Result "1/2-1/2"]
[WhiteElo "2242"]
[BlackElo "1750"]
[PlyCount "111"]
[EventDate "2002.08.20"]

1.e4 c6 2.c4 d5 3.exd5 cxd5 4.cxd5 Nf6 5.Bb5+ Nbd7 6.Nc3 a6 7.Qa4 Rb8 8.
Bxd7+ Qxd7 9.Qf4 Ra8 10.Nf3 Nxd5 11.Nxd5 Qxd5 12.O-O e6 13.d4 Be7 14.Re1 
O-O 15.Qg4 Bf6 16.Bg5 Qd8 17.Bxf6 Qxf6 18.Ne5 Qe7 19.Re3 b6 20.Rg3 f6 21.
Nc4 b5 22.Nb6 Rb8 23.Nxc8 Rbxc8 24.Re3 Rfe8 25.Rae1 Qd6 26.g3 Rc6 27.b3 
Qd5 28.h4 Re7 29.Qf4 Re8 30.g4 Qd6 31.Qe4 Rd8 32.Qxe6+ Qxe6 33.Rxe6 Rxe6 
34.Rxe6 Rxd4 35.f3 a5 36.Kf2 Rd2+ 37.Re2 Rxe2+ 38.Kxe2 Kf7 39.Ke3 Ke6 40.
Kd4 Kd6 41.h5 Kc6 42.Ke4 Kc5 43.a3 a4 44.bxa4 bxa4 45.Kf5 Kc4 46.h6 gxh6 
47.Kxf6 Kb3 48.Ke6 Kxa3 49.f4 Kb3 50.f5 a3 51.f6 a2 52.f7 a1=Q 53.f8=Q 
Qa6+ 54.Ke5 Qe2+ 55.Kf6 Qxg4 56.Qxh6 1/2-1/2

[Event "X C.to Italiano U20"]
[Site "Bratto - Castione della Presolana ITA"]
[Date "2002.08.20"]
[Round "1"]
[White "Mogranzini, Roberto"]
[Black "Chinello, Gianmarco"]
[Result "1-0"]
[WhiteElo "2149"]
[BlackElo "1636"]
[PlyCount "91"]
[EventDate "2002.08.20"]

1.e4 e5 2.Nf3 Nc6 3.Bb5 f5 4.d3 fxe4 5.dxe4 Nf6 6.O-O d6 7.Bg5 Bd7 8.Nc3 
Be7 9.Bxf6 Bxf6 10.Qd5 Qe7 11.a3 O-O-O 12.b4 a6 13.Bc4 Nd4 14.Nd2 Bg5 15.
Qa5 Nc6 16.Qd5 Nd4 17.Ncb1 c5 18.bxc5 Be6 19.cxd6 Qxd6 20.Qa5 Kb8 21.Bd3 
Rc8 22.Re1 Nxc2 23.Bxc2 Rxc2 24.Nf3 Bf6 25.Nbd2 Rhc8 26.Nf1 Qc7 27.Qb4 Be7
28.Qb1 Qc5 29.Ne3 Rc3 30.Qb2 Rb3 31.Qe2 Bg4 32.Nxg4 Rxa3 33.Rxa3 Qxa3 34.
Ngxe5 Bb4 35.Rd1 Rc1 36.g3 Rc7 37.Kg2 Re7 38.Nd3 Bd6 39.e5 Bc7 40.Nf4 Qb3 
41.Nd5 Rd7 42.e6 Rd8 43.e7 Re8 44.Nxc7 Kxc7 45.Qe5+ Kc8 46.Rc1+ 1-0

[Event "X C.to Italiano U20"]
[Site "Bratto - Castione della Presolana ITA"]
[Date "2002.08.20"]
[Round "1"]
[White "Nardi, Marco"]
[Black "Buchicchio, Giampaolo"]
[Result "0-1"]
[WhiteElo "1690"]
[BlackElo "2188"]
[PlyCount "60"]
[EventDate "2002.08.20"]

1.e4 c5 2.Nc3 Nc6 3.g3 g6 4.Bg2 Bg7 5.d3 d6 6.Be3 e6 7.Qd2 Rb8 8.a4 a6 9.
Nge2 Nd4 10.O-O Ne7 11.Bh6 Nxe2+ 12.Nxe2 Bxb2 13.Rab1 Bf6 14.f4 Ng8 15.f5 
g5 16.e5 dxe5 17.Bc6+ bxc6 18.Rxb8 Nxh6 19.fxe6 Ke7 20.h4 Rg8 21.exf7 Nxf7
22.Qe3 Qd6 23.hxg5 Nxg5 24.Rfb1 Rf8 25.Ra8 Nh3+ 26.Kh2 Bg5 27.Qe4 Rf2+ 28.
Kh1 Bf5 29.Rb7+ Kf6 30.Qc4 Be6 0-1